| 000 | 00673nam a2200241Ia 4500 | ||
|---|---|---|---|
| 003 | OSt | ||
| 005 | 20230418093556.0 | ||
| 008 | 210423s2009 xx 000 0 und d | ||
| 020 | _a9780199234783 | ||
| 040 | _cAL | ||
| 041 | _aeng | ||
| 082 |
_a336 CULJ _223 |
||
| 100 |
_aCULLIS (John);JONES (Philip) _989335 |
||
| 245 | _aPublic finance and public choice: analytical perspectives | ||
| 250 | _a3 | ||
| 260 |
_aOxford _bOxford University Press _c2009 |
||
| 300 |
_axxvii,531 _bPB |
||
| 365 |
_b1095 _cINR |
||
| 650 |
_aEconomics _989336 |
||
| 650 |
_aPublic Finance _989337 |
||
| 906 | _aanalytical ; choice: ; finance ; perspectives ; Public | ||
| 942 |
_2ddc _cBK |
||
| 999 |
_c159444 _d159444 |
||